Statistics for U.S. States With The Smallest Population

Click here to take the quiz!

General Stats

  • This quiz has been taken 32 times
  • The average score is 8 of 10

Answer Stats

Rank (#1 is least amount of people)PopulationAnswer% Correct
101,342,097Maine
93%
81,056,738Rhode Island
93%
6892,631South Dakota
93%
2627,180Vermont
93%
91,074,532Montana
89%
5760,900North Dakota
89%
7975,033Delaware
85%
1572,381Wyoming
85%
4735,720Alaska
81%
3711,571Washington
26%

Score Distribution

Percentile by Number Answered

Percent of People with Each Score

Your Score History

You have not taken this quiz